Telephony V.2: Automatic exchange systems ( A detailed exposition of the telephone exchange& system of the British Post Office) (Record no. 168741)

MARC details
000 -LEADER
fixed length control field 00493nam a2200145Ia 4500
008 - FIXED-LENGTH DATA ELEMENTS--GENERAL INFORMATION
fixed length control field 231217s9999 xx 000 0 und d
041 ## - LANGUAGE CODE
Language code of text/sound track or separate title English
082 ## - DEWEY DECIMAL CLASSIFICATION NUMBER
Classification number 621.382 ATK.2;1 `R'
100 ## - MAIN ENTRY--PERSONAL NAME
Personal name Atkinson, J
245 #0 - TITLE STATEMENT
Title Telephony V.2: Automatic exchange systems ( A detailed exposition of the telephone exchange& system of the British Post Office)
260 ## - PUBLICATION, DISTRIBUTION, ETC.
Date of publication, distribution, etc. 1950
Name of publisher, distributor, etc. London : Sir Isaac Pitman,
300 ## - PHYSICAL DESCRIPTION
Extent xii+873
650 ## - SUBJECT ADDED ENTRY--TOPICAL TERM
Topical term or geographic name entry element Telephony,V.2:,Automatic,exchange,systems
942 ## - ADDED ENTRY ELEMENTS (KOHA)
Koha item type Books
Holdings
Date last seen Total checkouts Full call number Accession number Price effective from Category Public note Lost status Damaged status Department Withdrawn status Home library Current library Entry date Grants Billdate Currency symbol Conversion rate Discount Old discount
26/01/2024   621.382 ATK.2;1 `R' 20818 26/01/2024 Books Rare Books Doshi Jaykumar Puhraj Shand     Central Library   Central Library Central Library 04/09/2002 DONATED 13/12/2004 RS 1    

© For any Suggestions or Query, please contact the library staff @ librarian@pes.edu or Phone: +9180 2672 1983/ 2108.